000 00570nam a22001697a 4500
005 20251108172222.0
008 250721s2003 xx 000 0 ara d
082 1 4 _a796.077/إبر
100 1 _aإبراهيم، فتحي أحمد
_eمؤلف
245 1 0 _aنظريات التمرينات البدنية /
264 1 _aالإسكندرية :
_bدار الوفاء لدنيا الطباعة والنشر،
_c2003.
300 _a129ص
650 1 7 _aالتمرينات البدنية
650 1 7 _aالألعاب الرياضية
942 _2ddc
_cBK
999 _c73456
_d73456